Statistics for Formula-E Teams 2019/20

Click here to take the quiz!

General Stats

  • This quiz has been taken 10 times
  • The average score is 8 of 12

Answer Stats

CountryTeam PrincipalTeam% Correct
GERTom Hunt / Ian JamesMercedes-Benz EQ Formula E Team
100%
CHIChristian SilkNIO 333 FE Team
78%
FRAFrancois SicardNissan e.dams
78%
GERAllan McNishAudi Sport ABT Schaeffler Formula E Team
67%
USARob EdwardsBMW i Andretti Motorsport
67%
USAJay PenskeDragon / Penske Autosport
67%
INDDilbagh GillMahindra Racing
67%
GBRGred Mäuser / James BarclayPanasonic Jaguar Racing
67%
GERAmiel LindesayTAG Heuer Porsche Formula E Team
67%
GBRSylvain FilippiEnvision Virgin Racing
56%
MONSusie WolffROKiT Venturi Racing
56%
CHIEdmund Chu / Mark PrestonDS Techeetah
44%

Score Distribution

Percentile by Number Answered

Percent of People with Each Score

Your Score History

You have not taken this quiz